<?xml version="1.0" encoding="UTF-8"?>
<record
    xmlns:xsi="http://www.w3.org/2001/XMLSchema-instance"
    xsi:schemaLocation="http://www.loc.gov/MARC21/slim http://www.loc.gov/standards/marcxml/schema/MARC21slim.xsd"
    xmlns="http://www.loc.gov/MARC21/slim">

  <leader>02163nam a2200253   4500</leader>
  <controlfield tag="003">CO-ViMGA</controlfield>
  <datafield tag="020" ind1=" " ind2=" ">
    <subfield code="a">9789588827162</subfield>
  </datafield>
  <datafield tag="040" ind1=" " ind2=" ">
    <subfield code="a">CO-ViMGA</subfield>
    <subfield code="b">spa</subfield>
    <subfield code="c">CO-ViMGA</subfield>
  </datafield>
  <datafield tag="082" ind1="0" ind2="4">
    <subfield code="a">372.4</subfield>
    <subfield code="b">L566le</subfield>
  </datafield>
  <datafield tag="245" ind1="1" ind2="0">
    <subfield code="a">Lenguajes y ambientes de lectura</subfield>
    <subfield code="c">Equipo de trabajo Tulia G&#xF3;mez...[et al.]</subfield>
  </datafield>
  <datafield tag="260" ind1=" " ind2=" ">
    <subfield code="a">[Bogot&#xE1;] :</subfield>
    <subfield code="b">Instituto Colombiano de Bienestar Familiar,</subfield>
    <subfield code="c">c2014</subfield>
  </datafield>
  <datafield tag="300" ind1=" " ind2=" ">
    <subfield code="a">123 p. :</subfield>
    <subfield code="b">il.</subfield>
  </datafield>
  <datafield tag="490" ind1=" " ind2=" ">
    <subfield code="a">Derechos y orientaciones culturales para la primera infancia</subfield>
  </datafield>
  <datafield tag="504" ind1=" " ind2=" ">
    <subfield code="a">Incluye referencias bibliogr&#xE1;ficas</subfield>
  </datafield>
  <datafield tag="520" ind1=" " ind2=" ">
    <subfield code="a">La presente obra es producto de una investigaci&#xF3;n que muestra una relaci&#xF3;n significativa entre desarrollo infantil y las condiciones de infraestructura, dotaci&#xF3;n y composici&#xF3;n de los ambientes educativos e institucionales donde transcurre la cotidianidad de los ni&#xF1;os y ni&#xF1;as. Fue realizada en el marco de la estrategia "Fiesta de la Lectura" en tal sentido se presenta como una exploraci&#xF3;n de pr&#xE1;cticas culturales y pedag&#xF3;gicas de agentes educativas y madres comunitarias en la implementaci&#xF3;n de ambientes de lectura en el marco de la atenci&#xF3;n a la Primera Infancia y el Enfoque diferencial. El Documento recoge no solo practicas educativas, la forma de organizar y disponer de espacios y recursos para propiciar ambientes de lectura con la primera infancia; sino que tambi&#xE9;n aborda las relaciones que los ni&#xF1;os entablan entre los espacios f&#xED;sicos y el valor de la lectura desde un contexto pedag&#xF3;gico y socioeducativo. y a partir de &#xE9;stas relaciones en la obra se recomienda unas condiciones b&#xE1;sicas para amplificar la organizaci&#xF3;n de los &#xE1;mbitos de lectura, en torno a las relaciones vinculares, la sensorialidad y el desarrollo del pensamiento simb&#xF3;lico.</subfield>
  </datafield>
  <datafield tag="650" ind1="1" ind2="4">
    <subfield code="a">Educaci&#xF3;n primaria</subfield>
    <subfield code="9">772</subfield>
  </datafield>
  <datafield tag="650" ind1="1" ind2="4">
    <subfield code="a">Jardines infantiles</subfield>
    <subfield code="x">Infraestructura</subfield>
    <subfield code="9">2166</subfield>
  </datafield>
  <datafield tag="650" ind1="1" ind2="4">
    <subfield code="a">Lenguaje de los ni&#xF1;os</subfield>
    <subfield code="9">2165</subfield>
  </datafield>
  <datafield tag="650" ind1="1" ind2="4">
    <subfield code="a">Primera infancia</subfield>
    <subfield code="x">Lenguajes simb&#xF3;licos</subfield>
    <subfield code="9">2167</subfield>
  </datafield>
  <datafield tag="650" ind1="1" ind2="4">
    <subfield code="a">Promoci&#xF3;n de la lectura</subfield>
    <subfield code="9">1672</subfield>
  </datafield>
  <datafield tag="700" ind1="1" ind2=" ">
    <subfield code="a">G&#xF3;mez, Tulia</subfield>
    <subfield code="9">2168</subfield>
  </datafield>
  <datafield tag="856" ind1=" " ind2=" ">
    <subfield code="u">http://explora.icbf.gov.co/explora/handle/11512/54|zPara acceder a informaci&#xF3;n complementaria sobre el documento haga clic aqu&#xED;.</subfield>
  </datafield>
  <datafield tag="942" ind1=" " ind2=" ">
    <subfield code="2">ddc</subfield>
    <subfield code="c">BK</subfield>
  </datafield>
  <datafield tag="999" ind1=" " ind2=" ">
    <subfield code="c">10574</subfield>
    <subfield code="d">10574</subfield>
  </datafield>
  <datafield tag="952" ind1=" " ind2=" ">
    <subfield code="0">0</subfield>
    <subfield code="1">0</subfield>
    <subfield code="2">ddc</subfield>
    <subfield code="4">0</subfield>
    <subfield code="7">0</subfield>
    <subfield code="8">003</subfield>
    <subfield code="a">MEVIECAR</subfield>
    <subfield code="b">MEVIECAR</subfield>
    <subfield code="d">2015-12-04</subfield>
    <subfield code="h">Volumen. 1 | 11/jun/2009</subfield>
    <subfield code="l">0</subfield>
    <subfield code="o">745.56 M374 </subfield>
    <subfield code="p">2981</subfield>
    <subfield code="r">2015-12-04 00:00:00</subfield>
    <subfield code="t">Ej. 1</subfield>
    <subfield code="w">2015-12-04</subfield>
    <subfield code="y">BK</subfield>
  </datafield>
  <datafield tag="952" ind1=" " ind2=" ">
    <subfield code="0">1</subfield>
    <subfield code="1">0</subfield>
    <subfield code="2">ddc</subfield>
    <subfield code="4">4</subfield>
    <subfield code="7">0</subfield>
    <subfield code="8">001</subfield>
    <subfield code="a">MEVIGAEMP</subfield>
    <subfield code="b">MEVIGAEMP</subfield>
    <subfield code="d">2015-12-04</subfield>
    <subfield code="h">Volumen. 1 | 11/jun/2009</subfield>
    <subfield code="l">0</subfield>
    <subfield code="o">745.56 M374 </subfield>
    <subfield code="p">3671</subfield>
    <subfield code="r">2017-05-19 00:00:00</subfield>
    <subfield code="t">Ej. 1</subfield>
    <subfield code="w">2015-12-04</subfield>
    <subfield code="y">BK</subfield>
  </datafield>
</record>
